| 000 | 01135nam a2200337 a 4500 | ||
|---|---|---|---|
| 999 |
_c2750 _d2750 |
||
| 003 | AKMAL | ||
| 005 | 20170517161359.0 | ||
| 008 | 170517s2003 my | g | f000 0 may d | ||
| 040 | _aAKMAL | ||
| 082 | 0 | 4 |
_a650.09595 CET _222 |
| 090 | 0 | 0 |
_a650.09595 _bCET |
| 245 | 0 | 0 | _aCetusan Minda |
| 260 |
_aMelaka : _bAkademi Kastam Diraja Malaysia Melaka, _c2003 |
||
| 300 |
_avii, 133ms. : _bil. wrn. ; _c25cm. |
||
| 500 | _aTeks bahasa Malaysia dan bahasa Inggeris | ||
| 650 | 1 | 0 |
_aPersonnel management _9602 |
| 650 | 2 | 0 |
_aCommunication in management _92708 |
| 650 | 2 | 0 |
_aOrganizational change _9567 |
| 710 | 2 |
_aAkademi Kastam Diraja Malaysia _95800 |
|
| 942 |
_2ddc _cBOOK |
||